Cơ sở lý thuyết hoá học : Phần bài tập

Spremljeno u:
Bibliografski detalji
Glavni autor: Lê Mậu Quyền
Format: Knjiga
Jezik:Vietnamese
Izdano: Khoa học và kỹ thuật 2004
Oznake: Dodaj oznaku
Bez oznaka, Budi prvi tko označuje ovaj zapis!
Thư viện lưu trữ: Mạng thư viện Đại học Đà Nẵng
LEADER 00658nam a2200253 4500
001 000021765
003 18213
005 20150423090404.0
008 150423s2004 viesd
020 |c 13500 
041 0 |a vie 
082 1 4 |a 541,076  |b LÊ-Q 
100 1 |a Lê Mậu Quyền 
245 1 0 |a Cơ sở lý thuyết hoá học : Phần bài tập  |c Lê Mậu Quyền 
260 |b Khoa học và kỹ thuật  |c 2004 
300 |a tr.  |c cm. 
OWN |a LSP 
999 |a From the UDN01 
TYP |a Monograph 
TYP |a Printed language 
980 |a Mạng thư viện Đại học Đà Nẵng